Stručný prehľad vývoja hospodárskych dejín

Enregistré dans:
Détails bibliographiques
Auteur principal: Poláčková, Hana, 1968-
Collectivité auteur: Ekonomická univerzita v Bratislave. Národohospodárska fakulta
Autres auteurs: Vongrej, Marián, Čaplánová, Anetta, 1967-, Hošoff, Boris
Format: Livre
Langue:slovaque
Publié: Bratislava Vydavateľstvo EKONÓM 2018
Édition:1. vydanie
Sujets:
Tags: Ajouter un tag
Pas de tags, Soyez le premier à ajouter un tag!

MARC

LEADER 00000nlm a2200000 4500
001 0242491
005 20250822110403.3
020 |a 978-80-225-4475-7 
041 0 |a slo 
044 |a SK 
245 1 0 |a Stručný prehľad vývoja hospodárskych dejín  |c Hana Poláčková, Marián Vongrej ; recenzenti: Anetta Čaplánová, Boris Hošoff 
250 |a 1. vydanie 
264 1 |a Bratislava  |b Vydavateľstvo EKONÓM  |c 2018 
300 |a e-kniha [182 s., 13,80 AH] 
610 2 0 |a dejiny hospodárske 
610 2 0 |a dejiny myslenia ekonomického 
610 2 0 |a dejiny teórií ekonomických 
610 2 0 |a revolúcia priemyselná 
610 2 0 |a globalizácia 
610 2 0 |a vývoj hospodársky 
610 2 0 |a stredná Európa 
610 2 0 |a východná Európa 
610 2 0 |a Československo 
610 2 0 |a Slovensko 
100 1 |a Poláčková, Hana, 1968- 
700 1 |a Vongrej, Marián 
700 1 |a Čaplánová, Anetta, 1967- 
700 1 |a Hošoff, Boris 
710 2 |a Ekonomická univerzita v Bratislave. Národohospodárska fakulta